Home Print Resources E-Books E-Journals IIMT Lecture Series Library Membership Form Book Recommendation Form Campus Tour Take AdmissionAbout Us Contact Us

PREVENTIVE & SOCIAL MEDICINE (Record no. 50544)

000 -LEADER
fixed length control field nam a22 7a 4500
003 - CONTROL NUMBER IDENTIFIER
control field OSt
005 - DATE AND TIME OF LATEST TRANSACTION
control field 20210312125740.0
008 - FIXED-LENGTH DATA ELEMENTS--GENERAL INFORMATION
fixed length control field 210312b xxu||||| |||| 00| 0 eng d
040 ## - CATALOGING SOURCE
Transcribing agency IIMT UNIVERSITY MEERUT
100 ## - MAIN ENTRY--PERSONAL NAME
Personal name PARK .K
245 ## - TITLE STATEMENT
Title PREVENTIVE & SOCIAL MEDICINE
260 ## - PUBLICATION, DISTRIBUTION, ETC.
Name of publisher, distributor, etc. BHARAT
Date of publication, distribution, etc. 2009
300 ## - PHYSICAL DESCRIPTION
Extent 832
942 ## - ADDED ENTRY ELEMENTS (KOHA)
Source of classification or shelving scheme
Koha item type Text-Book- for 7 days
Holdings
Withdrawn status Lost status Source of classification or shelving scheme Damaged status Not for loan Home library Current library Date acquired Cost, normal purchase price Total Checkouts Barcode Date last seen Price effective from Koha item type
          IIMT Ayurveda Medical College and Hospital(0669) IIMT Ayurveda Medical College and Hospital(0669) 03/12/2021 750.00   30-B-912 03/12/2021 03/12/2021 Text-Book- for 7 days
          IIMT Ayurveda Medical College and Hospital(0669) IIMT Ayurveda Medical College and Hospital(0669) 03/12/2021 750.00   30-B-913 03/12/2021 03/12/2021 Text-Book- for 7 days
IIMT, Central Library. All Rights Reserved IIMT,UNIVERSITY © 2023
Implemented and Customised by I CLOUDE EMS
You Are OPAC Visitor No
free web counter

Powered by Koha